| 000 | 00676nam a2200217 u 4500 | ||
|---|---|---|---|
| 005 | 20210223132713.0 | ||
| 008 | 150817s1993 mx r 000 0 spa d | ||
| 020 | _a9683625355 | ||
| 035 | _aUPN01000205230 | ||
| 049 | _aCG | ||
| 050 | 4 |
_aPA6400 S3 _bB6.7 |
|
| 100 | 0 |
_aHoracio Flaco, _cQuinto, _d65-8 a.C. _937840 |
|
| 245 | 1 | 0 |
_aSátiras / _cQuinto Horacio Flaco ; introd., versión rítmica y notas Rubén Bonifaz Nuño. |
| 260 |
_aMéxico : _bUNAM, _c1993. |
||
| 300 | _a95, [100] p. | ||
| 440 | 0 | _aBibliotheca scriptorum graecorum et romanorum mexicana | |
| 650 | 4 |
_aSATIRA LATINA _921004 |
|
| 650 | 4 |
_aPOESIA LATINA _924179 |
|
| 905 | _aLibro | ||
| 999 |
_c177331 _d177331 |
||